[Event "DESC STS031 email"]
[Site "DESC email"]
[Date "2003.??.??"]
[Round "?"]
[White "Hirscheider, Helmut"]
[Black "Nagel, Hubert Heinrich"]
[Result "1-0"]
[WhiteElo "2093"]
[BlackElo "1931"]
[PlyCount "51"]
[EventDate "2003.??.??"]
[EventType "tourn (corr)"]
[EventRounds "6"]
[EventCountry "GER"]
[SourceTitle "Corr 2004"]
[Source "ChessBase"]
[SourceDate "2003.04.28"]
[SourceVersion "3"]
[SourceVersionDate "2003.04.28"]
[SourceQuality "1"]

1. e4 d6 2. d4 g6 3. Nc3 Bg7 4. Be3 Nf6 5. Qd2 c6 6. f3 b5 7. g4 Qa5 8. Nge2 h5 9. g5 Nfd7 10. a3 Qc7 11. Bg2 Nb6 12. b3 Bb7 13. f4 N8d7 14. f5 h4 15. Nf4 Nf8 16. 0-0 gxf5 17. exf5 a6 18. Qe2 0-0-0 19. Nh5 Rg8 20. Nxg7 Rxg7 21. Ne4 Nh7 22. Kh1 Rdg8 23. c4 bxc4 24. bxc4 Nxc4 25. Qxc4 d5 26. Qc5 1-0

[Event "DESC STS031 email"]
[Site "DESC email"]
[Date "2003.??.??"]
[Round "?"]
[White "Nagel, Hubert Heinrich"]
[Black "Heyn, Ulrich"]
[Result "1/2-1/2"]
[WhiteElo "1931"]
[BlackElo "1977"]
[PlyCount "86"]
[EventDate "2003.??.??"]
[EventType "tourn (corr)"]
[EventRounds "6"]
[EventCountry "GER"]
[SourceTitle "Corr 2004"]
[Source "ChessBase"]
[SourceDate "2003.04.28"]
[SourceVersion "3"]
[SourceVersionDate "2003.04.28"]
[SourceQuality "1"]

1. c4 c5 2. Nc3 Nf6 3. e4 Nc6 4. g3 e6 5. Bg2 d5 6. d3 d4 7. Nce2 e5 8. h3 Be7 9. f4 0-0 10. Nf3 exf4 11. Nxf4 Bd6 12. 0-0 Re8 13. b3 Bd7 14. a3 a5 15. a4 Nb4 16. Ne1 Qc8 17. g4 h6 18. Nd5 Nfxd5 19. cxd5 Qc7 20. Nc2 Nxc2 21. Qxc2 Bh2+ 22. Kh1 Be5 23. Bd2 Qd6 24. Rf3 b6 25. Raf1 Re7 26. Qc1 Rf8 27. Qe1 Qg6 28. Qh4 f6 29. g5 hxg5 30. Bxg5 Qh7 31. Qxh7+ Kxh7 32. Bf4 Kg6 33. Kh2 Rh8 34. Kg3 Kf7 35. h4 Ke8 36. Bh3 Bxh3 37. Kxh3 Bxf4 38. Rxf4 Re5 39. Rf5 Rxf5 40. Rxf5 Ke7 41. Kg4 g6 42. Rf3 Rh5 43. Rf2 Rh6 1/2-1/2

[Event "DESC STS031 email"]
[Site "DESC email"]
[Date "2003.??.??"]
[Round "?"]
[White "Riepe, Bernhard"]
[Black "Nagel, Hubert Heinrich"]
[Result "1-0"]
[WhiteElo "2019"]
[BlackElo "1931"]
[PlyCount "51"]
[EventDate "2003.??.??"]
[EventType "tourn (corr)"]
[EventRounds "6"]
[EventCountry "GER"]
[SourceTitle "Corr 2004"]
[Source "ChessBase"]
[SourceDate "2003.04.28"]
[SourceVersion "3"]
[SourceVersionDate "2003.04.28"]
[SourceQuality "1"]

1. d4 d6 2. e4 g6 3. c4 Bg7 4. Nc3 Nf6 5. Bd3 0-0 6. Nge2 c5 7. d5 e6 8. Bg5 h6 9. Bh4 Nbd7 10. dxe6 fxe6 11. Qd2 b6 12. f4 Ba6 13. 0-0 Qe8 14. Rad1 Rd8 15. Nb5 Bxb5 16. cxb5 Rc8 17. Bb1 d5 18. e5 Nh7 19. Qd3 Rf7 20. Qxg6 Ndf8 21. Qd3 c4 22. Qe3 Qxb5 23. Nd4 Qc5 24. b4 Qxb4 25. f5 c3 26. a3 1-0

[Event "DESC op R2 G-D email"]
[Site "DESC email"]
[Date "2002.09.01"]
[Round "2"]
[White "Fitzian, Hans"]
[Black "Nagel, Hubert Heinrich"]
[Result "0-1"]
[WhiteElo "2229"]
[BlackElo "1869"]
[PlyCount "52"]
[EventDate "2001.??.??"]
[EventType "tourn (corr)"]
[EventRounds "6"]
[EventCountry "GER"]
[SourceTitle "Corr 2004"]
[Source "ChessBase"]
[SourceDate "2003.04.28"]
[SourceVersion "3"]
[SourceVersionDate "2003.04.28"]
[SourceQuality "1"]

1. e4 d6 2. d4 g6 3. Nc3 Bg7 4. f4 Nf6 5. Nf3 0-0 6. Bd3 Nc6 7. 0-0 e5 8. fxe5 dxe5 9. d5 Nd4 10. Qe1 Nh5 11. Be3 f5 12. Qd2 fxe4 13. Bxe4 Nxf3+ 14. Bxf3 Nf6 15. Qe2 Bf5 16. g4 Bc8 17. Qc4 Kh8 18. Rae1 a6 19. h3 b5 20. Qb3 Rb8 21. Ba7 Ra8 22. Bc5 Re8 23. d6 cxd6 24. Bxa8 dxc5 25. Rd1 Qe7 26. Nd5 Nxd5 0-1

[Event "DESC op R2 G-D email"]
[Site "DESC email"]
[Date "2002.09.01"]
[Round "2"]
[White "Nagel, Hubert Heinrich"]
[Black "Gnuechtel, Christian"]
[Result "1/2-1/2"]
[WhiteElo "1869"]
[BlackElo "1994"]
[PlyCount "79"]
[EventDate "2001.??.??"]
[EventType "tourn (corr)"]
[EventRounds "6"]
[EventCountry "GER"]
[SourceTitle "Corr 2004"]
[Source "ChessBase"]
[SourceDate "2003.04.28"]
[SourceVersion "3"]
[SourceVersionDate "2003.04.28"]
[SourceQuality "1"]

1. c4 g6 2. Nc3 Bg7 3. g3 Nf6 4. Bg2 0-0 5. e4 c5 6. Nge2 Nc6 7. 0-0 d6 8. d3 Rb8 9. Rb1 a6 10. a4 Bd7 11. h3 Ne8 12. Be3 Nc7 13. d4 cxd4 14. Nxd4 b5 15. axb5 Nxd4 16. Bxd4 Bxd4 17. Qxd4 axb5 18. cxb5 Nxb5 19. Nxb5 Rxb5 20. b4 Qb8 21. Rfc1 Rc8 22. Rxc8+ Qxc8 23. Kh2 Rh5 24. h4 g5 25. Qd1 g4 26. Ra1 Re5 27. Ra7 Bb5 28. Qd2 Kg7 29. Ra5 Qe6 30. Qd4 f6 31. Qb6 Qc4 32. Qb8 Qxb4 33. Ra8 Qb3 34. Qh8+ Kh6 35. Rg8 Qf7 36. Rxg4 Bc6 37. f3 Rc5 38. Rg8 Bd7 39. g4 Be6 40. Rb8 1/2-1/2

[Event "DESC V0121 email"]
[Site "DESC email"]
[Date "2002.08.21"]
[Round "?"]
[White "Nagel, Hubert Heinrich"]
[Black "Schrader, Arnold"]
[Result "1/2-1/2"]
[WhiteElo "1931"]
[BlackElo "1876"]
[PlyCount "82"]
[EventDate "2002.??.??"]
[EventType "tourn (corr)"]
[EventRounds "6"]
[EventCountry "GER"]
[SourceTitle "Corr 2004"]
[Source "ChessBase"]
[SourceDate "2003.04.28"]
[SourceVersion "3"]
[SourceVersionDate "2003.04.28"]
[SourceQuality "1"]

1. c4 c5 2. Nc3 g6 3. g3 Bg7 4. Bg2 e6 5. e3 Nc6 6. Nge2 Nge7 7. 0-0 d5 8. cxd5 Nxd5 9. d4 cxd4 10. exd4 0-0 11. Nxd5 exd5 12. Be3 Ne7 13. Qb3 a5 14. Nc3 Be6 15. Rfe1 Re8 16. Rad1 Nf5 17. a4 Ra6 18. Qa2 Nxe3 19. Rxe3 Rd6 20. h3 Re7 21. Nb5 Rc6 22. Rde1 Bf6 23. Qb3 Rc4 24. Qd1 Bf5 25. Nc3 Re6 26. Nxd5 Rxd4 27. Nxf6+ Qxf6 28. Qf3 Rxe3 29. Rxe3 Rxa4 30. Qxb7 Be6 31. Re2 Ra1+ 32. Kh2 a4 33. Qb4 h6 34. Rd2 Kg7 35. Qe4 Ra2 36. Qe2 h5 37. Be4 h4 38. Bb1 Ra1 39. Bc2 Qxb2 40. Bxa4 Qc3 41. Rd3 Bc4 1/2-1/2

[Event "DESC V0121 email"]
[Site "DESC email"]
[Date "2002.08.21"]
[Round "?"]
[White "Nagel, Hubert Heinrich"]
[Black "Schulz, Hans Juergen"]
[Result "1/2-1/2"]
[WhiteElo "1931"]
[BlackElo "1896"]
[PlyCount "58"]
[EventDate "2002.??.??"]
[EventType "tourn (corr)"]
[EventRounds "6"]
[EventCountry "GER"]
[SourceTitle "Corr 2004"]
[Source "ChessBase"]
[SourceDate "2003.04.28"]
[SourceVersion "3"]
[SourceVersionDate "2003.04.28"]
[SourceQuality "1"]

1. c4 e6 2. e4 d5 3. cxd5 exd5 4. exd5 Nf6 5. Nc3 Nxd5 6. Bc4 Nb6 7. Bb3 Nc6 8. Nge2 Bd6 9. d4 0-0 10. 0-0 Qh4 11. g3 Qh5 12. Bf4 Rd8 13. Bxd6 Rxd6 14. f3 Bh3 15. Nf4 Qh6 16. Nxh3 Rxd4 17. Bxf7+ Kxf7 18. Qb3+ Rc4 19. Ne4 Kg8 20. Nf4 Nd4 21. Qd3 Rc2 22. Rf2 Rxf2 23. Nxf2 Rd8 24. Re1 Qf6 25. Kg2 Qf7 26. Qe4 c5 27. Qe7 Qxe7 28. Rxe7 Rd7 29. Re1 Nc2 1/2-1/2

[Event "DESC V0114 email"]
[Site "DESC email"]
[Date "2002.06.08"]
[Round "?"]
[White "Schumacher, Klaus"]
[Black "Nagel, Hubert Heinrich"]
[Result "0-1"]
[WhiteElo "1824"]
[BlackElo "1875"]
[PlyCount "111"]
[EventDate "2002.??.??"]
[EventType "tourn (corr)"]
[EventRounds "6"]
[EventCountry "GER"]
[SourceTitle "Corr 2004"]
[Source "ChessBase"]
[SourceDate "2003.04.28"]
[SourceVersion "3"]
[SourceVersionDate "2003.04.28"]
[SourceQuality "1"]

1. e4 d6 2. d4 g6 3. Nc3 Bg7 4. f4 c6 5. Nf3 Bg4 6. Be3 Qb6 7. Qd2 Bxf3 8. gxf3 Nd7 9. 0-0-0 Ngf6 10. Bc4 Qb4 11. Bb3 Nb6 12. Qe1 Rd8 13. e5 Nh5 14. a3 Qa5 15. Qh4 Nc8 16. Kb1 Qc7 17. Rhg1 e6 18. f5 exf5 19. Bg5 Ne7 20. exd6 Rxd6 21. Bxe7 Qxe7 22. Rge1 Re6 23. Qf2 Nf4 24. d5 cxd5 25. Nxd5 Nxd5 26. Bxd5 b6 27. Bxe6 fxe6 28. Qd2 0-0 29. Qd7 Re8 30. Qc6 e5 31. Rd7 Qe6 32. Qxe6+ Rxe6 33. Rxa7 g5 34. Rd1 h5 35. Rd8+ Kh7 36. Rdd7 Rg6 37. Rd5 Kh6 38. Rb7 g4 39. fxg4 hxg4 40. Rb5 f4 41. Rd7 g3 42. hxg3 fxg3 43. Rd1 g2 44. Rg1 Kh5 45. Rb4 Bf8 46. Rb3 Kh4 47. Rxg2 Rxg2 48. Rxb6 Kg5 49. Rb8 Bg7 50. c3 Kf5 51. Rb5 Kf4 52. a4 e4 53. a5 e3 54. Rb4+ Kf5 55. Kc1 Rg1+ 56. Kc2 0-1

[Event "DESC VS029 email"]
[Site "DESC email"]
[Date "2002.02.19"]
[Round "2"]
[White "Koslowski, Volker"]
[Black "Nagel, Hubert Heinrich"]
[Result "1-0"]
[WhiteElo "1701"]
[BlackElo "1500"]
[PlyCount "67"]
[EventDate "2002.??.??"]
[EventType "tourn (corr)"]
[EventRounds "6"]
[EventCountry "GER"]
[SourceTitle "Corr 2004"]
[Source "ChessBase"]
[SourceDate "2003.04.28"]
[SourceVersion "3"]
[SourceVersionDate "2003.04.28"]
[SourceQuality "1"]

1. e4 d6 2. d4 Nf6 3. Nc3 g6 4. f4 Bg7 5. Nf3 c6 6. e5 Nd5 7. Nxd5 cxd5 8. Bd3 Nc6 9. c3 dxe5 10. fxe5 Qb6 11. Qe2 Bg4 12. h3 Bxf3 13. Qxf3 e6 14. h4 0-0 15. h5 f5 16. Qg3 Kf7 17. Qg5 Qd8 18. Qf4 Rc8 19. Qg3 Qb6 20. Rb1 Rg8 21. Bd2 Qd8 22. Be2 Qc7 23. a3 Na5 24. Bg5 Nc4 25. Bc1 Rge8 26. Qg5 Qe7 27. Qf4 Rc6 28. g4 Rg8 29. Qg3 Rcc8 30. a4 Nb6 31. Ra1 a5 32. Bb5 Qc7 33. hxg6+ hxg6 34. Rh7 1-0

[Event "DESC VS029 email"]
[Site "DESC email"]
[Date "2002.02.19"]
[Round "2"]
[White "Nagel, Hubert Heinrich"]
[Black "Wolter, Harald"]
[Result "1/2-1/2"]
[WhiteElo "1500"]
[BlackElo "2101"]
[PlyCount "142"]
[EventDate "2002.??.??"]
[EventType "tourn (corr)"]
[EventRounds "6"]
[EventCountry "GER"]
[SourceTitle "Corr 2004"]
[Source "ChessBase"]
[SourceDate "2003.04.28"]
[SourceVersion "3"]
[SourceVersionDate "2003.04.28"]
[SourceQuality "1"]

1. c4 c5 2. Nc3 Nc6 3. g3 Nf6 4. Bg2 e5 5. d3 Be7 6. Nf3 d6 7. 0-0 0-0 8. h3 Re8 9. b3 d5 10. cxd5 Nxd5 11. Nxd5 Qxd5 12. Bb2 Qd6 13. Rc1 Be6 14. Qd2 Rad8 15. Rfe1 f6 16. Red1 b6 17. Kh2 a6 18. Ne1 Bd5 19. Bxd5+ Qxd5 20. e3 Qf7 21. Qe2 f5 22. Nf3 Bf6 23. Ne1 Rd6 24. Rc4 Qd7 25. Rcc1 Rf8 26. Rd2 Rd8 27. Rcd1 b5 28. Rc1 Rd5 29. Rdc2 Nb4 30. Rxc5 Nxa2 31. Rxd5 Qxd5 32. Rc7 Nb4 33. e4 fxe4 34. dxe4 Qxb3 35. Bc3 Na2 36. Ba5 Qa3 37. Bb6 Nc3 38. Qg4 Qd6 39. Ba5 Na4 40. Ng2 Rf8 41. Ne3 h5 42. Qxh5 Bd8 43. Nf5 Rxf5 44. exf5 Bxc7 45. Qe8+ Qf8 46. Qe6+ Qf7 47. Qc8+ Kh7 48. Bxc7 Qa2 49. Kg2 Qd5+ 50. Kg1 Qc6 51. Qe6 Qxe6 52. fxe6 Kg8 53. Bxe5 b4 54. e7 Kf7 55. e8Q+ Kxe8 56. Bxg7 Kf7 57. Ba1 a5 58. Kf1 b3 59. Ke2 b2 60. Bxb2 Nxb2 61. Kd2 a4 62. f4 Kg6 63. g4 a3 64. Kc2 Nd3 65. f5+ Kf6 66. Kb3 a2 67. Kxa2 Nf2 68. Ka1 Nxh3 69. Kb2 Nf2 70. Ka1 Nxg4 71. Kb2 Kxf5 1/2-1/2

[Event "DESC op R1 G12 email"]
[Site "DESC email"]
[Date "2001.10.01"]
[Round "1"]
[White "Schild, Reinhard"]
[Black "Nagel, Hubert Heinrich"]
[Result "1/2-1/2"]
[WhiteElo "2023"]
[BlackElo "1826"]
[PlyCount "62"]
[EventDate "2001.??.??"]
[EventType "tourn (corr)"]
[EventRounds "6"]
[EventCountry "GER"]
[SourceTitle "Corr 2004"]
[Source "ChessBase"]
[SourceDate "2003.04.28"]
[SourceVersion "3"]
[SourceVersionDate "2003.04.28"]
[SourceQuality "1"]

1. e4 d6 2. d4 g6 3. Bd3 Bg7 4. c3 Nf6 5. Ne2 c5 6. 0-0 0-0 7. f3 Nbd7 8. Be3 b6 9. Nd2 Bb7 10. Rc1 Rc8 11. b4 a6 12. Qb3 Rb8 13. Rfd1 d5 14. c4 dxe4 15. Nxe4 Bxe4 16. Bxe4 Nxe4 17. fxe4 Qc7 18. Nc3 e6 19. d5 Be5 20. h3 cxb4 21. Qxb4 Nc5 22. Qa3 Bf4 23. Bxf4 Qxf4 24. Qb2 Nxe4 25. Nxe4 Qxe4 26. Re1 Qf4 27. dxe6 fxe6 28. Rxe6 Rbd8 29. Rce1 Rd2 30. Qxb6 Rxg2+ 31. Kxg2 Qf3+ 1/2-1/2

[Event "DESC op R1 G12 email"]
[Site "DESC email"]
[Date "2001.10.01"]
[Round "1"]
[White "Weingaertner, Ludger"]
[Black "Nagel, Hubert Heinrich"]
[Result "1/2-1/2"]
[WhiteElo "1899"]
[BlackElo "1826"]
[PlyCount "61"]
[EventDate "2001.??.??"]
[EventType "tourn (corr)"]
[EventRounds "6"]
[EventCountry "GER"]
[SourceTitle "Corr 2004"]
[Source "ChessBase"]
[SourceDate "2003.04.28"]
[SourceVersion "3"]
[SourceVersionDate "2003.04.28"]
[SourceQuality "1"]

1. Nc3 c5 2. Nf3 Nc6 3. d4 cxd4 4. Nxd4 d5 5. e4 dxe4 6. Nxc6 Qxd1+ 7. Kxd1 bxc6 8. Nxe4 Bf5 9. Bd3 0-0-0 10. Ke2 e6 11. Be3 Kb7 12. Rhd1 Be7 13. Nc5+ Bxc5 14. Bxc5 Bxd3+ 15. Rxd3 Rxd3 16. Kxd3 Nf6 17. Rd1 Rd8+ 18. Ke2 Rxd1 19. Kxd1 Nd7 20. Be3 c5 21. a3 Kc6 22. b3 h5 23. Ke2 f6 24. b4 cxb4 25. axb4 Kb5 26. Bxa7 Kxb4 27. Bd4 Kc4 28. Bb2 Nb6 29. h4 Na4 30. Ba3 Nc3+ 31. Ke3 1/2-1/2